01146 2200361 4500001002100000005001500021035002000036007000300056008004100059020002200100040002200122082001500144090002200159100002300181245014100204250003500345300004400380650001800424700002200442700002500464700003100489700002800520504003200548264003200580336002100612337003000633338002300663999002200686084001700708850001200725990002500737990002200762INLIS00000000089056520240918084736 a0010-0924000215ta240917s2024 yoia g 0 0 ind d a978-623-02-9040-4 aYOPDYOGbinderda04223a639.31 aCB-D.11 2024-30590 aMaryaniePengarang10aPerairan gambut Kalimantan Tengah untuk budidaya ikan patin (pangasius sp.) /cMaryani, Rosita, Norhayani, Linda Wulandari, Evi Veronica aCetakan Pertama : Agustus 2024 ax, 61 halaman :bgambar, tabel ;c20 cm 4aBudidaya Ikan0 aRositaePengarang0 aNorhayaniePengarang0 aLinda WulandariePengarang0 aEvi VeronicaePengarang aBibliografi : halaman 51-5531aSleman :bDeepublish,c2024 2rdacontentateks 2rdamediaatanpa perantara 2rdacarrieravolume aCB-D.11/2024-3059 a639.31 MAR p aYOPDYOG a$a CB-D.11/2024-3059 aCB-D.11/2024-3059